[Event "Copenhagen Challenge"]
[Site "Ballerup"]
[Date "2013.04.27"]
[Round "6"]
[White "Larsen, Hans Haagen"]
[Black "Vyvyan, Philippe"]
[Result "0-1"]
[WhiteElo "1745"]
[BlackElo "1709"]
[PlyCount "60"]
[EventDate "2013.04.24"]
[EventType "swiss"]
[EventRounds "9"]
[EventCountry "DEN"]
[SourceTitle "CBM 154 Extra"]
[Source "ChessBase"]
[SourceDate "2013.06.25"]
[SourceVersion "2"]
[SourceVersionDate "2013.06.25"]
[SourceQuality "1"]

1. e4 c5 2. d4 cxd4 3. c3 d5 4. e5 dxc3 5. Nxc3 d4 6. Ne4 Nc6 7. Nf3 g6 8. Bf4 Qa5+ 9. Qd2 Qxd2+ 10. Kxd2 Bh6 11. g3 Bf5 12. Nc5 b6 13. Nd3 Be4 14. Be2 Bg7 15. Rhc1 e6 16. b4 Rd8 17. b5 Na5 18. Rc7 h6 19. h4 Ne7 20. Rac1 Nd5 21. Rxa7 0-0 22. Nxd4 Nxf4 23. gxf4 Rxd4 24. Ke3 Ra4 25. Nb2 Rxa2 26. Kxe4 Rxb2 27. Kf3 Nb3 28. Rd1 Nd2+ 29. Ke3 Rd8 30. Rc1 Rb3+ 0-1

[Event "Copenhagen Challenge"]
[Site "Ballerup"]
[Date "2013.04.27"]
[Round "7"]
[White "Vyvyan, Philippe"]
[Black "Ulrich, Thomas2222"]
[Result "0-1"]
[WhiteElo "1709"]
[BlackElo "2005"]
[PlyCount "78"]
[EventDate "2013.04.24"]
[EventType "swiss"]
[EventRounds "9"]
[EventCountry "DEN"]
[SourceTitle "CBM 154 Extra"]
[Source "ChessBase"]
[SourceDate "2013.06.25"]
[SourceVersion "2"]
[SourceVersionDate "2013.06.25"]
[SourceQuality "1"]

1. e4 e6 2. d4 d5 3. e5 c5 4. c3 Nc6 5. Nf3 Bd7 6. a3 f6 7. b4 fxe5 8. dxe5 Qc7 9. Bf4 Nge7 10. b5 Na5 11. Nbd2 Ng6 12. Bg3 c4 13. Nd4 Bc5 14. N2f3 0-0 15. a4 Ne7 16. Be2 Qb6 17. h4 Nf5 18. Nxf5 Rxf5 19. Rb1 Nb3 20. Rxb3 cxb3 21. Bd3 Raf8 22. 0-0 a6 23. Nd4 Bxd4 24. cxd4 Qxd4 25. Bxf5 Qxd1 26. Bxh7+ Kxh7 27. Rxd1 axb5 28. a5 b4 29. Rb1 Ba4 30. f4 Rc8 31. Bf2 Rc2 32. Bd4 Rc4 33. Be3 d4 34. Bd2 Rc2 35. Bxb4 b2 36. Kh2 d3 37. Ba3 d2 38. Rd1 Rc1 39. Rxd2 b1Q 0-1

[Event "Brighton e2e4 Major"]
[Site "Brighton"]
[Date "2013.02.18"]
[Round "5"]
[White "Jensen, Soren"]
[Black "Vyvyan, Philippe"]
[Result "1-0"]
[WhiteElo "1856"]
[BlackElo "1745"]
[PlyCount "135"]
[EventDate "2013.02.16"]
[EventType "swiss"]
[EventRounds "9"]
[EventCountry "ENG"]
[SourceTitle "EXT 2014"]
[Source "ChessBase"]
[SourceDate "2013.11.20"]
[SourceVersion "1"]
[SourceVersionDate "2013.11.20"]
[SourceQuality "1"]

1. c4 e5 2. g3 Nf6 3. Bg2 c6 4. d4 e4 5. Nc3 d5 6. cxd5 cxd5 7. Qb3 Nc6 8. e3 Nb4 9. f3 Qa5 10. Kf1 Qa6+ 11. Nge2 exf3 12. Bxf3 Bh3+ 13. Bg2 Bg4 14. Bd2 Ne4 15. Bxe4 dxe4 16. Qa4+ Qxa4 17. Nxa4 Nd3 18. Nf4 Rc8 19. Nxd3 exd3 20. Nc3 Be7 21. Kf2 Rc6 22. Ke1 0-0 23. Nd5 Bd8 24. Nb4 Rb6 25. Nxd3 Bf6 26. Bc3 Bg5 27. Kd2 Re8 28. Nf4 Bf3 29. Rhf1 Be4 30. Rf2 a5 31. h4 Be7 32. Nd3 Bd6 33. Nf4 a4 34. Rc1 a3 35. b3 Rb5 36. Ba1 Bb4+ 37. Bc3 Bd6 38. g4 h6 39. Nh5 Bg6 40. Nf4 Be4 41. Rg1 Rc8 42. Rc1 f5 43. g5 hxg5 44. hxg5 Rb6 45. Nd3 Rf8 46. Ba5 Rb5 47. Bc7 Be7 48. Be5 Rd8 49. Rc7 Rxe5 50. Nxe5 Bd6 51. Rd7 Bb4+ 52. Kd1 Rc8 53. Nc4 Bc3 54. Nd6 Bc6 55. Rxg7+ Kxg7 56. Nxc8 Be4 57. Nd6 Bd3 58. Nxf5+ Kg6 59. Nd6 b5 60. Rf8 Kxg5 61. Rb8 b4 62. Re8 Bb1 63. Ne4+ Kg4 64. Nxc3 bxc3 65. Ra8 Kf3 66. Rxa3 Kxe3 67. d5 Bd3 68. d6 1-0